Ensayo de un tratado de versificación comparada del castellano y del francés / (Record no. 120507)

MARC details
000 -LEADER
campo de control de longitud fija 00633nam a2200181 i 4500
001 - NÚMERO DE CONTROL
campo de control 120507
003 - IDENTIFICADOR DE NÚMERO DE CONTROL
campo de control ES-MaACL
005 - FECHA Y HORA DE LA ÚLTIMA TRANSACCIÓN
campo de control 20250921063032.0
007 - CAMPO FIJO DE DESCRIPCIÓN FÍSICA--INFORMACIÓN GENERAL
campo de control de longitud fija t|
008 - DATOS DE LONGITUD FIJA--INFORMACIÓN GENERAL
campo de control de longitud fija 070214s1917 sp r ||||1| spa d
100 1# - ENTRADA PRINCIPAL--NOMBRE DE PERSONA
Nombre de persona Pitollet, Camille,
Fechas asociadas al nombre 1874-1964
9 (RLIN) 92417
245 10 - MENCIÓN DEL TÍTULO
Título Ensayo de un tratado de versificación comparada del castellano y del francés /
Mención de responsabilidad, etc. Camille Pitollet.
260 ## - PUBLICACIÓN, DISTRIBUCIÓN, ETC.
Lugar de publicación, distribución, etc. Madrid :
Nombre del editor, distribuidor, etc. [s. n.],
Fecha de publicación, distribución, etc. 1917 (
Fabricante Imp. de `Alrededor del Mundo`)
650 #4 - PUNTO DE ACCESO ADICIONAL DE MATERIA--TÉRMINO DE MATERIA
Término de materia o nombre geográfico como elemento de entrada Lengua española-
Subdivisión general Versificación.
9 (RLIN) 147950
650 04 - PUNTO DE ACCESO ADICIONAL DE MATERIA--TÉRMINO DE MATERIA
Término de materia o nombre geográfico como elemento de entrada Lengua francesa-
Subdivisión general Versificación.
9 (RLIN) 14235
852 ## - LOCALIZACIÓN
Ubicación ES-MaACL
Número de control de estantería 1533-F-12
Holdings
Estatus retirado Estado de pérdida Estado de daño No para préstamo Colección Biblioteca de origen Biblioteca actual Ubicación en estantería Fecha de adquisición Fuente de adquisición Total de préstamos Signatura topográfica completa Código de barras Visto por última vez Precio de reemplazo Tipo de ítem Koha
        Colección de folletos Biblioteca del Ateneo de Madrid Biblioteca del Ateneo de Madrid Depósito folletos 17/01/2008     1533-F-12 1125610 23/02/2023 23/02/2023 Folleto